[Event "CZE-chT2D 1920"]
[Site "Czech Republic"]
[Date "2020.02.09"]
[Round "8.2"]
[White "Smutny, Jan"]
[Black "Jun, Rudolf Jr"]
[Result "1/2-1/2"]
[WhiteElo "2217"]
[BlackElo "1984"]
[PlyCount "102"]
[EventDate "2019.10.13"]
[EventType "team-tourn"]
[EventRounds "11"]
[EventCountry "CZE"]
[SourceTitle "EXT 2024"]
[Source "ChessBase"]
[SourceDate "2023.10.10"]
[SourceVersion "1"]
[SourceVersionDate "2023.10.10"]
[SourceQuality "1"]
[WhiteTeam "Pardubice Rapid"]
[BlackTeam "Chotebor"]
[WhiteTeamCountry "CZE"]
[BlackTeamCountry "CZE"]

1. e4 c5 2. Nf3 Nc6 3. Bc4 e6 4. Nc3 d6 5. 0-0 a6 6. a4 Qc7 7. Re1 Be7 8. h3 Nf6 9. d3 0-0 10. g4 b6 11. Nh2 Bb7 12. g5 Nd7 13. f4 Nd4 14. Be3 Rfe8 15. Nf3 Rad8 16. Rf1 d5 17. exd5 exd5 18. Nxd5 Qd6 19. Bxd4 cxd4 20. Nxe7+ Rxe7 21. Nh4 g6 22. Qg4 Rde8 23. Rf2 Re1+ 24. Rxe1 Rxe1+ 25. Kh2 b5 26. axb5 axb5 27. Bb3 Rh1+ 28. Kg3 Rg1+ 29. Ng2 Nc5 30. Kh2 Rxg2+ 31. Rxg2 Bxg2 32. Kxg2 Nxb3 33. cxb3 Qd5+ 34. Qf3 Qxb3 35. Qe2 Kf8 36. Kf3 b4 37. h4 Qa4 38. Qe5 Qd1+ 39. Ke4 Qe2+ 40. Kd5 Qxd3 41. Qb8+ Kg7 42. Qe5+ Kg8 43. Qxd4 Qb5+ 44. Kd6 b3 45. Qd5 Qb8+ 46. Ke7 Qc7+ 47. Qd7 Qc5+ 48. Kd8 Kg7 49. Qc7 Qd5+ 50. Ke8 Qe6+ 51. Kd8 Qd5+ 1/2-1/2

[Event "CZE-chT2D 1920"]
[Site "Czech Republic"]
[Date "2019.10.13"]
[Round "1.1"]
[White "Smutny, Jan"]
[Black "Jedlicka, Ales"]
[Result "0-1"]
[WhiteElo "2217"]
[BlackElo "2206"]
[PlyCount "72"]
[EventDate "2019.10.13"]
[EventType "team-tourn"]
[EventRounds "11"]
[EventCountry "CZE"]
[SourceTitle "EXT 2024"]
[Source "ChessBase"]
[SourceDate "2023.10.10"]
[SourceVersion "1"]
[SourceVersionDate "2023.10.10"]
[SourceQuality "1"]
[WhiteTeam "Pardubice Rapid"]
[BlackTeam "Polabiny III"]
[WhiteTeamCountry "CZE"]
[BlackTeamCountry "CZE"]

1. e4 c5 2. Nf3 d6 3. c3 Nf6 4. Bd3 g6 5. 0-0 Bg7 6. Bc2 0-0 7. d4 cxd4 8. cxd4 Nc6 9. Nc3 Bg4 10. Be3 Nd7 11. h3 Bxf3 12. gxf3 Nb6 13. d5 Ne5 14. Nb5 Qd7 15. Nd4 Qxh3 16. b3 Rac8 17. Bd3 Nbd7 18. Be2 Bh6 19. f4 Rc3 20. fxe5 Bxe3 21. fxe3 Qxe3+ 22. Rf2 Nxe5 23. Nb5 Qg5+ 24. Rg2 Rg3 25. Bf1 Qe3+ 26. Kh1 Rh3+ 27. Rh2 Qxe4+ 28. Bg2 Rxh2+ 29. Kxh2 Qh4+ 30. Kg1 Ng4 31. Qd2 Qh2+ 32. Kf1 Qg3 33. Nd4 Rc8 34. Re1 Rc3 35. Kg1 Rd3 36. Nf5 Qh2+ 0-1

[Event "CZE-chT2D 1718"]
[Site "Czech Republic"]
[Date "2018.01.28"]
[Round "7.2"]
[White "Smutny, Jan"]
[Black "Jedlicka, Ales"]
[Result "1-0"]
[WhiteElo "2181"]
[BlackElo "2198"]
[PlyCount "107"]
[EventDate "2017.10.15"]
[EventType "team-tourn"]
[EventRounds "11"]
[EventCountry "CZE"]
[SourceTitle "EXT 2022"]
[Source "ChessBase"]
[SourceDate "2021.10.06"]
[SourceVersion "1"]
[SourceVersionDate "2021.10.06"]
[SourceQuality "1"]
[WhiteTeam "Pardubice Eurobit"]
[BlackTeam "Polabiny III"]
[WhiteTeamCountry "CZE"]
[BlackTeamCountry "CZE"]

1. e4 c5 2. c3 d5 3. exd5 Qxd5 4. d4 Nf6 5. Be3 cxd4 6. cxd4 e6 7. Nc3 Bb4 8. Nf3 0-0 9. Bd3 b6 10. Qe2 Bb7 11. 0-0 Qh5 12. Bf4 Nbd7 13. Rac1 Rac8 14. a3 Bxc3 15. bxc3 Rfe8 16. Rfe1 Bxf3 17. Qxf3 Qxf3 18. gxf3 Nd5 19. Bd2 Nb8 20. c4 Ne7 21. d5 exd5 22. cxd5 Nxd5 23. Rxe8+ Rxe8 24. Be4 Nf6 25. Rc7 Nxe4 26. fxe4 f6 27. Be3 h5 28. f3 Rd8 29. Kf2 Nd7 30. Rxa7 Ne5 31. Ke2 b5 32. Rb7 Ra8 33. Bc5 Nc4 34. Rxb5 h4 35. Rb3 Rc8 36. Bb4 Rb8 37. Rc3 Ne5 38. f4 Nd7 39. Rc7 Nb6 40. Kf3 Rd8 41. Kg4 Rd3 42. Kxh4 f5 43. Rc6 Nd7 44. e5 Kh7 45. Rd6 Rxd6 46. Bxd6 Kg6 47. a4 Kf7 48. Kg5 g6 49. h4 Nb6 50. a5 Nc4 51. a6 Nb6 52. Kh6 Na8 53. a7 Nb6 54. Bc7 1-0

[Event "Prague Pankrac Cup"]
[Site "Prague"]
[Date "2017.10.24"]
[Round "6"]
[White "Smutny, Jan"]
[Black "Jelinek, Michal"]
[Result "1-0"]
[WhiteElo "2181"]
[BlackElo "2173"]
[PlyCount "71"]
[EventDate "2017.09.19"]
[EventType "swiss"]
[EventRounds "7"]
[EventCountry "CZE"]
[SourceTitle "EXT 2019"]
[Source "ChessBase"]
[SourceDate "2018.10.10"]
[SourceVersion "1"]
[SourceVersionDate "2018.10.10"]
[SourceQuality "1"]

1. e4 e5 2. Nf3 Nc6 3. Bc4 Nf6 4. d3 Be7 5. c3 0-0 6. 0-0 d6 7. h3 Na5 8. Qe2 Nxc4 9. dxc4 h6 10. Rd1 Qe8 11. Nbd2 Nh5 12. Nf1 Nf4 13. Bxf4 exf4 14. Nd4 Bf6 15. Nh2 a6 16. Qf3 Be5 17. Nf5 Kh7 18. Ng4 g6 19. Rd5 Qe6 20. Nfxh6 f5 21. exf5 gxf5 22. Re1 fxg4 23. Nxg4 c6 24. Rdxe5 dxe5 25. Rxe5 Qg6 26. Rh5+ Kg8 27. Ne5 Qg7 28. Qe4 f3 29. g4 Rf6 30. h4 Kf8 31. Rg5 Qh6 32. Ng6+ Rxg6 33. Rxg6 Qxh4 34. Qxf3+ Ke7 35. Rg7+ Kd6 36. Qf4+ 1-0

[Event "Prague Pankrac Cup"]
[Site "Prague"]
[Date "2017.10.17"]
[Round "5"]
[White "Smutny, Jan"]
[Black "Prochazka, Dalibor"]
[Result "1/2-1/2"]
[WhiteElo "2181"]
[BlackElo "2153"]
[PlyCount "86"]
[EventDate "2017.09.19"]
[EventType "swiss"]
[EventRounds "7"]
[EventCountry "CZE"]
[SourceTitle "EXT 2019"]
[Source "ChessBase"]
[SourceDate "2018.10.10"]
[SourceVersion "1"]
[SourceVersionDate "2018.10.10"]
[SourceQuality "1"]

1. e4 c6 2. d4 d5 3. e5 Bf5 4. Ne2 e6 5. Ng3 Bg6 6. Be2 c5 7. c3 Nc6 8. 0-0 cxd4 9. cxd4 Qb6 10. Be3 Qxb2 11. Nd2 Bb4 12. Bb5 Nge7 13. Nb3 0-0 14. f4 a6 15. Rf2 Qc3 16. Bd2 Qc2 17. Qg4 Bxd2 18. Rxd2 Qc3 19. Bxc6 Qxc6 20. h4 h6 21. Rc1 Qb5 22. Nc5 b6 23. Nxe6 Qb4 24. Rdd1 fxe6 25. Qxe6+ Bf7 26. Qg4 Rac8 27. f5 Rxc1 28. Rxc1 Kh7 29. Rc7 h5 30. Nxh5 Qb1+ 31. Kh2 Nxf5 32. e6 Bxh5 33. Qxh5+ Kg8 34. e7 Nxe7 35. Rxe7 Qf5 36. Qxf5 Rxf5 37. Rb7 b5 38. Ra7 Rf4 39. Kg3 Rxd4 40. Rxa6 b4 41. Ra7 Kh7 42. Ra6 g6 43. Ra7+ Kh6 1/2-1/2

[Event "Prague Pankrac Cup"]
[Site "Prague"]
[Date "2017.10.10"]
[Round "4"]
[White "Postupa, Pavel1111"]
[Black "Smutny, Jan"]
[Result "1-0"]
[WhiteElo "2244"]
[BlackElo "2181"]
[PlyCount "63"]
[EventDate "2017.09.19"]
[EventType "swiss"]
[EventRounds "7"]
[EventCountry "CZE"]
[SourceTitle "EXT 2019"]
[Source "ChessBase"]
[SourceDate "2018.10.10"]
[SourceVersion "1"]
[SourceVersionDate "2018.10.10"]
[SourceQuality "1"]

1. e4 e5 2. Nf3 Nc6 3. Bb5 a6 4. Ba4 Nf6 5. 0-0 b5 6. Bb3 Be7 7. Re1 0-0 8. c3 d5 9. exd5 Nxd5 10. Nxe5 Nxe5 11. Rxe5 c6 12. d3 Bd6 13. Re1 Qh4 14. g3 Qh3 15. Qf3 Bg4 16. Qg2 Qh5 17. Be3 Bf3 18. Qf1 f5 19. Nd2 f4 20. Nxf3 fxe3 21. Rxe3 Rxf3 22. Rxf3 Qxf3 23. c4 Bc5 24. cxd5 Rf8 25. dxc6+ Kh8 26. Qg2 Qxd3 27. Rd1 Qe2 28. Kh1 Re8 29. h3 Bxf2 30. c7 Qe3 31. Rd8 Bxg3 32. Qxg3 1-0

[Event "CZE-chT2D 1617"]
[Site "Czech Republic"]
[Date "2016.11.27"]
[Round "4.1"]
[White "Smutny, Jan"]
[Black "Havelka, Josef"]
[Result "0-1"]
[WhiteElo "2163"]
[BlackElo "2354"]
[PlyCount "80"]
[EventDate "2016.10.09"]
[EventType "team-tourn"]
[EventRounds "11"]
[EventCountry "CZE"]
[SourceTitle "EXT 2022"]
[Source "ChessBase"]
[SourceDate "2021.10.06"]
[SourceVersion "1"]
[SourceVersionDate "2021.10.06"]
[SourceQuality "1"]
[WhiteTeam "Pardubice Rapid II"]
[BlackTeam "Lanskroun"]
[WhiteTeamCountry "CZE"]
[BlackTeamCountry "CZE"]

1. e4 c5 2. c3 Nf6 3. e5 Nd5 4. d4 cxd4 5. cxd4 d6 6. Nf3 Nc6 7. exd6 Qxd6 8. Nc3 Bg4 9. Bc4 e6 10. 0-0 Be7 11. Ne4 Qb4 12. b3 0-0 13. Qd3 Bxf3 14. Qxf3 Nxd4 15. Qd3 Nc6 16. Bb2 Nf4 17. Qg3 Ng6 18. a4 Rad8 19. a5 Nd4 20. Ra4 Qxc4 21. Rxc4 Ne2+ 22. Kh1 Nxg3+ 23. hxg3 Rd5 24. Rc7 Rb5 25. Bd4 Bd8 26. Rc8 Bxa5 27. Rxf8+ Nxf8 28. Bxa7 Rxb3 29. Rc1 Bb6 30. Bb8 f5 31. Rc8 fxe4 32. Bd6 h5 33. Rxf8+ Kh7 34. Rf4 e3 35. fxe3 Rb1+ 36. Kh2 Bxe3 37. Rh4 Bg1+ 38. Kh3 g6 39. g4 Bf2 40. g3 Rh1+ 0-1

[Event "CZE-chT2D 1617"]
[Site "Czech Republic"]
[Date "2016.10.30"]
[Round "2.1"]
[White "Jirasek, Pavel"]
[Black "Smutny, Jan"]
[Result "1/2-1/2"]
[WhiteElo "2315"]
[BlackElo "2163"]
[PlyCount "141"]
[EventDate "2016.10.09"]
[EventType "team-tourn"]
[EventRounds "11"]
[EventCountry "CZE"]
[SourceTitle "EXT 2022"]
[Source "ChessBase"]
[SourceDate "2021.10.06"]
[SourceVersion "1"]
[SourceVersionDate "2021.10.06"]
[SourceQuality "1"]
[WhiteTeam "Lipa"]
[BlackTeam "Pardubice Rapid II"]
[WhiteTeamCountry "CZE"]
[BlackTeamCountry "CZE"]

1. e4 e5 2. Nf3 Nc6 3. Bb5 a6 4. Ba4 Nf6 5. 0-0 b5 6. Bb3 Be7 7. Re1 0-0 8. a4 Bb7 9. d4 Nxd4 10. Nxd4 exd4 11. e5 Ne4 12. f3 Nc5 13. Qxd4 Nxb3 14. cxb3 d6 15. axb5 dxe5 16. Qxe5 Bd6 17. Qg5 axb5 18. Rxa8 Bxa8 19. Nc3 Bc6 20. Ne4 Bb4 21. Nc3 Qd3 22. Qd2 Bc5+ 23. Kh1 Rd8 24. Qxd3 Rxd3 25. Rd1 Rxd1+ 26. Nxd1 Bd7 27. Be3 Be7 28. Nc3 c6 29. Ne4 Be6 30. Bc5 Kf8 31. b4 Ke8 32. Bxe7 Kxe7 33. Kg1 f5 34. Nc3 g5 35. g3 Kd6 36. f4 g4 37. Kf2 Bc4 38. Ke3 c5 39. Nd1 cxb4 40. Kd4 Ba2 41. Ne3 Bb1 42. Nd5 Ba2 43. Nxb4 Bc4 44. Nc2 Bb3 45. Ne3 Be6 46. b4 h6 47. Ng2 Bg8 48. Nh4 Bh7 49. Kc3 Kc6 50. Kd3 Kd7 51. Ng2 Bg8 52. Ne3 Be6 53. Nc2 Kd6 54. Nd4 Bd7 55. Nb3 Kd5 56. Nc5 Bc8 57. Kc3 Be6 58. Kd2 Bc8 59. Kd3 Be6 60. Nb3 Kd6 61. Nd4 Bd7 62. Nc2 Kd5 63. Ne3+ Kd6 64. Nd1 Kd5 65. Nf2 Be8 66. h3 gxh3 67. Nxh3 Bh5 68. Nf2 Bf3 69. Ke3 Bh5 70. Kd3 Bf3 71. Ke3 1/2-1/2

[Event "Prague Pankrac Cup"]
[Site "Prague"]
[Date "2016.10.18"]
[Round "5"]
[White "Smutny, Jan"]
[Black "Hosticka, Frantisek"]
[Result "1-0"]
[WhiteElo "2163"]
[BlackElo "2184"]
[PlyCount "73"]
[EventDate "2016.09.20"]
[EventType "swiss"]
[EventRounds "8"]
[EventCountry "CZE"]
[SourceTitle "EXT 2018"]
[Source "ChessBase"]
[SourceDate "2017.10.13"]
[SourceVersion "1"]
[SourceVersionDate "2017.10.13"]
[SourceQuality "1"]

1. e4 g6 2. d4 Bg7 3. Bc4 c6 4. Nc3 d6 5. Qf3 e6 6. Nge2 Nd7 7. 0-0 Ngf6 8. Bg5 Qa5 9. Qg3 e5 10. dxe5 dxe5 11. Rad1 b5 12. Bxf6 Bxf6 13. Bb3 0-0 14. f4 Kg7 15. fxe5 Bxe5 16. Nf4 Qc7 17. Bxf7 Nc5 18. Nh5+ Kh8 19. Bxg6 Be6 20. Qh4 Bc4 21. Rxf8+ Rxf8 22. Bf5 b4 23. b3 Ba6 24. Na4 Nxa4 25. bxa4 Be2 26. Rd2 Qb6+ 27. Kh1 Bxh5 28. Qxh5 Qc7 29. g4 Rf7 30. g5 Bc3 31. Rd3 Re7 32. Bxh7 Rxh7 33. Qe8+ Kg7 34. Rd7+ Qxd7 35. Qxd7+ Kg6 36. Qf5+ Kg7 37. e5 1-0

[Event "Prague Pankrac Cup"]
[Site "Prague"]
[Date "2016.10.11"]
[Round "4"]
[White "Matras, Ondrej"]
[Black "Smutny, Jan"]
[Result "1-0"]
[WhiteElo "2241"]
[BlackElo "2163"]
[PlyCount "59"]
[EventDate "2016.09.20"]
[EventType "swiss"]
[EventRounds "8"]
[EventCountry "CZE"]
[SourceTitle "EXT 2017"]
[Source "ChessBase"]
[SourceDate "2016.10.25"]
[SourceVersion "1"]
[SourceVersionDate "2016.10.25"]
[SourceQuality "1"]

1. d4 Nf6 2. c4 e6 3. Nc3 b6 4. Bg5 Bb7 5. e3 Be7 6. Nf3 d6 7. Be2 Nbd7 8. 0-0 0-0 9. b4 Ne4 10. Nxe4 Bxe4 11. Bxe7 Qxe7 12. Nd2 Bb7 13. Bf3 Bxf3 14. Qxf3 c5 15. b5 cxd4 16. exd4 Qf6 17. Qc6 Rfd8 18. Ne4 Qxd4 19. Rad1 Qb2 20. Rd2 Qb4 21. Rxd6 Nf6 22. Nxf6+ gxf6 23. Rxd8+ Rxd8 24. Qc7 Rd2 25. Qxa7 Qxc4 26. Qxb6 Rb2 27. Qb8+ Kg7 28. Qg3+ Kf8 29. Rd1 Rd2 30. Qa3+ 1-0

[Event "Prague Pankrac Cup"]
[Site "Prague"]
[Date "2016.09.20"]
[Round "1"]
[White "Smutny, Jan"]
[Black "Vyprachticky, David"]
[Result "1/2-1/2"]
[WhiteElo "2163"]
[BlackElo "2279"]
[PlyCount "117"]
[EventDate "2016.09.20"]
[EventType "swiss"]
[EventRounds "8"]
[EventCountry "CZE"]
[SourceTitle "EXT 2017"]
[Source "ChessBase"]
[SourceDate "2016.10.25"]
[SourceVersion "1"]
[SourceVersionDate "2016.10.25"]
[SourceQuality "1"]

1. e4 e5 2. Nf3 Nc6 3. d4 exd4 4. c3 dxc3 5. Nxc3 Bb4 6. Bc4 Nf6 7. e5 d5 8. exf6 dxc4 9. Qe2+ Be6 10. fxg7 Rg8 11. Bg5 Qd3 12. Qxd3 cxd3 13. Bf6 Be7 14. Bxe7 Kxe7 15. 0-0-0 Rxg7 16. Nh4 Rd8 17. Rhe1 Kf8 18. f4 Rg4 19. g3 Nd4 20. Re3 Bc4 21. b3 Ba6 22. Re5 Rd6 23. Ne4 Rc6+ 24. Kb1 Ne2 25. Rd2 f6 26. Rc5 Rxc5 27. Nxc5 Nxf4 28. Nxa6 bxa6 29. Nf3 Ne6 30. Rxd3 Ke7 31. Kc2 Re4 32. Kd2 c5 33. Rd5 a5 34. Rh5 Kd6 35. Rxh7 a4 36. Rxa7 axb3 37. axb3 Rb4 38. Kc3 Re4 39. Kd3 Rb4 40. Nd2 Nc7 41. Ra4 Rb8 42. Ke4 Ke6 43. Ra5 f5+ 44. Kf4 Rb4+ 45. Kf3 Kd5 46. Ra4 Rb8 47. h4 Ne6 48. Ra7 Ke5 49. Kg2 Nd4 50. Re7+ Kf6 51. Re3 f4 52. gxf4 Kf5 53. Re5+ Kxf4 54. Rxc5 Nxb3 55. Rc4+ Kf5 56. Nf1 Rb6 57. Kh3 Kg6 58. Kg4 Rd6 59. Ne3 1/2-1/2

[Event "CZE-chT2D 1516"]
[Site "Czech Republic"]
[Date "2016.04.03"]
[Round "10.2"]
[White "Smutny, Jan"]
[Black "Hrabusa, Matej"]
[Result "1-0"]
[WhiteElo "2232"]
[BlackElo "2322"]
[PlyCount "73"]
[EventDate "2015.10.18"]
[EventType "team-tourn"]
[EventRounds "11"]
[EventCountry "CZE"]
[SourceTitle "EXT 2022"]
[Source "ChessBase"]
[SourceDate "2021.10.06"]
[SourceVersion "1"]
[SourceVersionDate "2021.10.06"]
[SourceQuality "1"]
[WhiteTeam "Pardubice Rapid II"]
[BlackTeam "Polabiny II"]
[WhiteTeamCountry "CZE"]
[BlackTeamCountry "CZE"]

1. e4 c5 2. c3 Nf6 3. e5 Nd5 4. Nf3 e6 5. d4 cxd4 6. cxd4 b6 7. Nc3 Nxc3 8. bxc3 Qc7 9. Bb2 Be7 10. Bd3 Ba6 11. 0-0 Bxd3 12. Qxd3 0-0 13. c4 Nc6 14. d5 Nb4 15. Qb3 Bc5 16. a3 Na6 17. Qd3 h6 18. Qe4 Qb7 19. Rfd1 Rac8 20. Qg4 b5 21. Bc1 Kh7 22. Rb1 b4 23. Bxh6 gxh6 24. Ng5+ Kh8 25. Qh5 Kg7 26. Rb3 Be7 27. Rg3 Bxg5 28. Rxg5+ Kh7 29. Rg3 Qb6 30. d6 Rg8 31. Qxf7+ Kh8 32. Qf6+ Kh7 33. Qf7+ Kh8 34. Rh3 Rxg2+ 35. Kxg2 Qc6+ 36. Rd5 Rg8+ 37. Kf3 1-0

[Event "Prague Pankrac Cup"]
[Site "Prague"]
[Date "2015.10.20"]
[Round "6"]
[White "Smutny, Jan"]
[Black "Haba, Zdenek"]
[Result "1-0"]
[WhiteElo "2218"]
[BlackElo "2286"]
[PlyCount "103"]
[EventDate "2015.09.15"]
[EventType "swiss"]
[EventRounds "8"]
[EventCountry "CZE"]
[SourceTitle "EXT 2017"]
[Source "ChessBase"]
[SourceDate "2016.10.25"]
[SourceVersion "1"]
[SourceVersionDate "2016.10.25"]
[SourceQuality "1"]

1. e4 g6 2. d4 Bg7 3. Nc3 d6 4. Bc4 a6 5. a4 Nc6 6. Nge2 e5 7. dxe5 Nxe5 8. Ba2 Be6 9. Bxe6 fxe6 10. 0-0 Ne7 11. Nd4 Qd7 12. f4 N5c6 13. Be3 0-0 14. Qd2 Nxd4 15. Bxd4 Nc6 16. Bxg7 Qxg7 17. Rad1 Rf7 18. g3 Raf8 19. Rf2 e5 20. Rdf1 exf4 21. gxf4 Qd4 22. Qxd4 Nxd4 23. Kg2 Ne6 24. Kg3 g5 25. f5 Nc5 26. Kg4 h6 27. b4 Nd7 28. Nd5 c6 29. Nc3 Nf6+ 30. Kf3 Re7 31. Rd1 d5 32. exd5 Nxd5 33. Nxd5 Rxf5+ 34. Kg4 Rxd5 35. Rxd5 cxd5 36. Kh5 Kg7 37. h4 gxh4 38. Rg2+ Kh7 39. b5 h3 40. Rf2 h2 41. Rxh2 Re5+ 42. Kg4 Re4+ 43. Kf5 Rxa4 44. Rd2 Rb4 45. bxa6 bxa6 46. Rxd5 Rb7 47. c4 Rc7 48. c5 Kg7 49. Ke6 Kf8 50. Rd8+ Kg7 51. Rd7+ Rxd7 52. Kxd7 1-0

[Event "CZE-chT2D 1415"]
[Site "Czech Republic"]
[Date "2015.04.19"]
[Round "11.2"]
[White "Smutny, Jan"]
[Black "Zapletal, Jiri"]
[Result "1/2-1/2"]
[WhiteElo "2234"]
[BlackElo "2140"]
[PlyCount "26"]
[EventDate "2014.11.02"]
[EventType "team-tourn"]
[EventRounds "11"]
[EventCountry "CZE"]
[SourceTitle "EXT 2022"]
[Source "ChessBase"]
[SourceDate "2021.10.06"]
[SourceVersion "1"]
[SourceVersionDate "2021.10.06"]
[SourceQuality "1"]
[WhiteTeam "Pardubice AKIS"]
[BlackTeam "Zabreh"]
[WhiteTeamCountry "CZE"]
[BlackTeamCountry "CZE"]

1. e4 d6 2. d4 Nf6 3. Nc3 e5 4. dxe5 dxe5 5. Qxd8+ Kxd8 6. Bc4 Be6 7. Bxe6 fxe6 8. f3 Nbd7 9. Be3 a6 10. 0-0-0 Bd6 11. Nh3 Ke7 12. a3 Bc5 13. Rhe1 Rad8 1/2-1/2

[Event "CZE-chT2D 1415"]
[Site "Czech Republic"]
[Date "2014.11.02"]
[Round "1.2"]
[White "Kozusek, Daniel"]
[Black "Smutny, Jan"]
[Result "0-1"]
[WhiteElo "2217"]
[BlackElo "2234"]
[PlyCount "72"]
[EventDate "2014.11.02"]
[EventType "team-tourn"]
[EventRounds "11"]
[EventCountry "CZE"]
[SourceTitle "EXT 2022"]
[Source "ChessBase"]
[SourceDate "2021.10.06"]
[SourceVersion "1"]
[SourceVersionDate "2021.10.06"]
[SourceQuality "1"]
[WhiteTeam "Jicin II"]
[BlackTeam "Pardubice AKIS"]
[WhiteTeamCountry "CZE"]
[BlackTeamCountry "CZE"]

1. d4 f5 2. Nf3 Nf6 3. Bf4 e6 4. h3 c5 5. e3 Nc6 6. Nbd2 Be7 7. Bd3 0-0 8. c3 cxd4 9. exd4 Kh8 10. Qc2 d6 11. 0-0-0 Nd5 12. Bh2 Bd7 13. Nc4 Qc7 14. Ne3 Qa5 15. Kb1 Nxe3 16. fxe3 e5 17. dxe5 Nxe5 18. Nxe5 dxe5 19. g4 Be6 20. b4 Qc7 21. gxf5 Bg8 22. Rhg1 a5 23. b5 Bf6 24. Rg2 Rac8 25. Rc1 Rfd8 26. e4 a4 27. Bg1 Qa5 28. Rg3 Bc4 29. Bxc4 Rxc4 30. b6 Rdc8 31. Qd3 Qb5+ 32. Ka1 a3 33. Rc2 Rd8 34. Qf1 Rxe4 35. Qxb5 Re1+ 36. Qb1 Rdd1 0-1

[Event "Prague Pankrac Cup"]
[Site "Prague"]
[Date "2014.10.14"]
[Round "5"]
[White "Gregor, Jiri"]
[Black "Smutny, Jan"]
[Result "1-0"]
[WhiteElo "2199"]
[BlackElo "2234"]
[PlyCount "101"]
[EventDate "2014.09.16"]
[EventType "swiss"]
[EventRounds "8"]
[EventCountry "CZE"]
[SourceTitle "EXT 2015"]
[Source "ChessBase"]
[SourceDate "2014.11.20"]
[SourceVersion "1"]
[SourceVersionDate "2014.11.20"]
[SourceQuality "1"]

1. d4 d5 2. c4 c6 3. Nc3 Nf6 4. Nf3 e6 5. Bg5 Nbd7 6. e3 g6 7. a3 Bg7 8. Qc2 0-0 9. Be2 h6 10. Bh4 dxc4 11. Bxc4 b5 12. Be2 a5 13. 0-0 Qb6 14. b4 Bb7 15. Rab1 axb4 16. axb4 Rfe8 17. Bg3 Bf8 18. Ne5 Nxe5 19. Bxe5 Nd5 20. Ne4 Qd8 21. Nc5 Bc8 22. Bf3 Kh7 23. g3 f6 24. Bh5 f5 25. Bf3 Re7 26. e4 fxe4 27. Bxe4 Qe8 28. h4 h5 29. g4 hxg4 30. h5 Kg8 31. Bxg6 Qd8 32. Ne4 Rea7 33. Qe2 Qh4 34. Bg3 Qe7 35. Qxg4 Bg7 36. Be5 Nf6 37. Bh7+ Nxh7 38. h6 Qf7 39. hxg7 Qf5 40. Qg2 Bd7 41. Rb3 Ra3 42. Rg3 c5 43. Nxc5 Be8 44. Qe4 Qh5 45. Nxe6 Ra1 46. d5 Rxf1+ 47. Kxf1 Ra2 48. Nf8 Bf7 49. Nxh7 Qxh7 50. Qxh7+ Kxh7 51. g8Q+ 1-0